00672nam a2200241 a 4500001001300000003000900013005001700022008004100039020000800080082001500088100001500103245002200118260003000140300000800170500003500178505004100213650002000254700001500274902000800289942000700297952011100304999001500415nice12345678IN_TiNIC20260116012145.0050524s0000 cala grp 000 0 eng  ac200a297.8bHAF aHafiz, A T aApeal to Humanity aCalcuttabA.T.Hafizc0000 a16p aincludes index and biblioraphy2 aMiddle eastern world held at asmara, aJamaat-E-Islami1 aHafiz, A T bSRS cBK 001040708StackRoom-aHMIbHMId2007-07-13g2.00l0o297.8 HAFp05377r2007-07-13v2.00w2005-05-24yBK c5871d5871